00470nam a2200145Ia 4500008004100000041000800041082001400049100001700063245004500080260002700125300002400152365000900176999001700185952012200202240624s9999 xx 000 0 und d aeng a332.6 FER aFERTIG MAURY a7 DEADLY SINS OF INVESTING HOW TO CONQUE c2006aNew YorkbAMACOM a214 : p. : cm. ; 23 cb28 c21997d21997 00104070aIMTNbIMTNcRack 10-Ad2013-11-20eTBg23.00o332.6 FERp21997r2024-06-24 00:00:00t67.3w2024-06-24yBK